On This Day: June 19th II Quiz Stats

 Plays Quiz Updated Jun 19, 2018

Score 0/7 Timer 03:00
0 Plays Today
Question Answer Wrong Answers
The last Soviet troops leave this country, whose capital is Budapest.
1991
Hungary
86.1%
Poland
1.2%
Romania
7.4%
Slovakia
1.2%
The first ever official ______ race is held at Charlotte Motor Speedway.
1949
NASCAR
78.8%
IndyCar
9.8%
Formula 1
7.3%
World Rally Car
0.8%
Battle of Athos, a key naval battle in which Russia defeated this nation, begins.
1807
Ottoman Empire
71.7%
Spanish Empire
3.9%
British Empire
6.9%
Empire of Japan
17.5%
Ben Haggerty, an American rapper from Seattle better known by this stage name, is born.
1983
Macklemore
69.2%
G-Eazy
15.3%
Mac Miller
5.9%
Lil Yachty
5.6%
Maximilian I of the Second ______ Empire is executed by a firing squad in Querétaro City, ending the French intervention.
1867
Mexican
61.9%
Colombian
8.7%
Brazilian
5.8%
Spanish
20.7%
The United States Congress prohibits slavery in US territories, nullifying the ______ v. Sanford Supreme Court decision.
1862
Dred Scott
60.4%
Ferguson
15.7%
Ernesto Miranda
3.5%
Brown
18%
Kuwait declares independence from this nation.
1961
United Kingdom
33.1%
France
8.8%
Iraq
51.8%
Portugal
2.6%

You're not logged in!

Compare scores with friends on all Sporcle quizzes.
OR
Log In

Sporcle TV

Today on Sporcle TV


Watch our educational content, quiz creation guides, and fun videos on Sporcle TV.

Show Comments

Extras

Top Quizzes Today


Score Distribution

Your Account Isn't Verified!

In order to create a playlist on Sporcle, you need to verify the email address you used during registration. Go to your Sporcle Settings to finish the process.

Report this User

Report this user for behavior that violates our Community Guidelines.

Details: